Механизация и автоматизация комплексов обмена вагонеток / (Record no. 529716)
[ view plain ]
| 000 -LEADER | |
|---|---|
| fixed length control field | 01376nam a22002777a 4500 |
| 003 - CONTROL NUMBER IDENTIFIER | |
| control field | AM-YEHGA |
| 005 - DATE AND TIME OF LATEST TRANSACTION | |
| control field | 20250617164811.0 |
| 008 - FIXED-LENGTH DATA ELEMENTS--GENERAL INFORMATION | |
| fixed length control field | 220408s1962 ru ae|||r|||||001|0|rus|| |
| 040 ## - CATALOGING SOURCE | |
| Original cataloging agency | AM-YeHGA |
| 041 0# - LANGUAGE CODE | |
| Language code of text/sound track or separate title | rus |
| 001 - CONTROL NUMBER | |
| control field | 1828210 |
| 090 ## - LOCALLY ASSIGNED LC-TYPE CALL NUMBER (OCLC); LOCAL CALL NUMBER (RLIN) | |
| -- | 568201 |
| 100 1# - MAIN ENTRY--PERSONAL NAME | |
| Personal name | Климовицкий, А. М. |
| 245 10 - TITLE STATEMENT | |
| Title | Механизация и автоматизация комплексов обмена вагонеток / |
| Statement of responsibility, etc. | А. М. Климовицкий, В. В. Крючков, Г. М. Эрлих. |
| 260 ## - PUBLICATION, DISTRIBUTION, ETC. | |
| Place of publication, distribution, etc. | Москва : |
| Name of publisher, distributor, etc. | Б. и., |
| Date of publication, distribution, etc. | 1962 |
| 300 ## - PHYSICAL DESCRIPTION | |
| Extent | 56 с., [1] л. черт. : |
| Other physical details | ил. ; |
| Dimensions | 21 см. |
| 490 0# - SERIES STATEMENT | |
| Series statement | Горнодобывающая промышленность / Гос. ком. Совета Министров СССР по черной и цвет. металлургии. Центр. ин-т информации цвет. металлургии |
| 500 ## - GENERAL NOTE | |
| General note | Авт. указаны на обороте тит. л. |
| 504 ## - BIBLIOGRAPHY, ETC. NOTE | |
| Bibliography, etc. note | Библиогр.: с. 55 |
| 650 14 - SUBJECT ADDED ENTRY--TOPICAL TERM | |
| Topical term or geographic name entry element | Горное дело |
| 650 14 - SUBJECT ADDED ENTRY--TOPICAL TERM | |
| Topical term or geographic name entry element | Рудничная откатка |
| General subdivision | Обмен вагонеток |
| -- | Механизация |
| 653 0# - INDEX TERM--UNCONTROLLED | |
| Uncontrolled term | Рудничная откатка - Обмен вагонеток - Автоматизация |
| 700 1# - ADDED ENTRY--PERSONAL NAME | |
| Personal name | Крючков, В. В. |
| 700 1# - ADDED ENTRY--PERSONAL NAME | |
| Personal name | Эрлих, Георгий Михайлович |
| 942 ## - ADDED ENTRY ELEMENTS (KOHA) | |
| Source of classification or shelving scheme | Universal Decimal Classification |
| Koha item type | Գրքեր / Books |
| Withdrawn status | Lost status | Damaged status | Not for loan | Collection | Home library | Current library | Date acquired | Total checkouts | Full call number | Barcode | Date last seen | Price effective from | Koha item type | Public note |
|---|---|---|---|---|---|---|---|---|---|---|---|---|---|---|
| General | Fundamental Scientific Library | Fundamental Scientific Library | 08/04/2022 | РII/73226 | FL0676324 | 08/04/2022 | 08/04/2022 | Գրքեր / Books | 30 Days Loan |
ՀՀ Գիտությունների ազգային ակադեմիայի հիմնարար գիտական գրադարան = Fundamental Scientific Library of NAS RA
All site content, except where otherwise noted, is licensed under a